[Event "CRO-ch"]
[Site "Slavonski Brod"]
[Date "1995.??.??"]
[Round "?"]
[White "Sulava, Nenad"]
[Black "Zelcic, Robert"]
[Result "0-1"]
[WhiteElo "2420"]
[BlackElo "2500"]
[Annotator "Huebner,R"]
[PlyCount "106"]
[EventDate "1995.02.??"]
[EventType "tourn"]
[EventRounds "13"]
[EventCountry "CRO"]
[EventCategory "10"]
[SourceTitle "CBM 048"]
[Source "ChessBase"]
[SourceDate "1995.10.01"]
[SourceVersion "1"]
[SourceVersionDate "1995.10.01"]
[SourceQuality "1"]

1. Nf3 d5 2. d4 c6 3. c4 Nf6 4. Nc3 dxc4 5. a4 Bg4 6. Ne5 Bh5 7. h3 Nbd7 8.
Nxc4 e6 9. g4 Bg6 10. Bg2 Bb4 11. O-O Nb6 12. Qb3 {Das Bauernopfer dürfte von
zweifelhaftem Wert sein. Bisher wurde 12.Ne5 vorgezogen.} Qxd4 13. Qxb4 Qxc4
14. Qd6 Nbd5 (14... Rd8 15. Qc7 Qa6 {verdient Erwägung.}) 15. Nxd5 Nxd5 16. Rd1
Rd8 {Natürlich scheitert 16...Qb4? an 17.Rd5.} 17. Qa3 f6 (17... Qxe2 18. Bg5
f6 19. Re1 (19. Bxd5 cxd5 20. Re1 Qa6 {bringt nichts ein.}) 19... Qd3 20. Rxe6+
Kd7 {kam in Betracht.} (20... Kf7 21. Bxd5 Qxa3 22. Rxf6+ {ist verfehlt.})) 18.
Be3 a5 19. Rac1 Qa6 (19... Qb4 $5) (19... Qxe2 20. Rd2 (20. Bf1 Qf3 21. Bg2 $10
) 20... Qa6 21. Bf1 Qa8 $13) 20. Bd2 Qb6 21. e4 Nb4 22. Be3 Qc7 23. Bc5 Rxd1+ {
Schwarz hat keinen Vorteil mehr. Sicherer war 23...Kf7.} 24. Rxd1 Na6 25. Bd6
Qb6 26. h4 h5 (26... h6 27. h5 Bh7 28. e5 {ist auch nicht sonderlich attraktiv
für Schwarz, aber vielleicht besser als die textfolge.}) 27. g5 Kf7 28. Qf3 Rd8
(28... Qxb2 29. Ba3 $18) 29. gxf6 gxf6 30. e5 (30. Kh2 $5 {mit der Drohung 31.
Be5 war sehr gefährlich für Schwarz:} Qxb2 31. e5 f5 32. Qe3 $18) 30... f5 31.
Qf4 Rg8 32. Ba3 {Genauer war 32.Kh2.} Nb4 33. Qg5 $2 (33. Bxb4 axb4 (33... Qxb4
34. Qxb4 axb4 35. Rd7+ Ke8 36. Rxb7 $18) 34. Rd7+ Ke8 35. Qd2 {Die Drohung 36.
Qd6 ist tödlich.}) 33... Ke8 34. Rd6 Bf7 35. Qf6 Qc7 36. Bxb4 axb4 37. a5 Qe7
38. a6 bxa6 39. Kh2 Qxf6 40. Bxc6+ $2 (40. exf6 Kf8 (40... Bg6 41. Rxe6+ Kf7
42. Rxc6 $16) 41. Bxc6 Be8 42. Rxe6 Bxc6 43. Rxc6 Kf7 $10) 40... Ke7 41. Rd7+
Kf8 42. exf6 Be8 43. Rd8 (43. Rd6 Bxc6 44. Rxc6 Kf7 45. Rxa6 Rg4 46. Kh3 Rd4
47. Rb6 Rd2 $19) 43... Kf7 44. Bf3 Kxf6 45. Bxh5 (45. Ra8 Bf7 46. Rxa6 Rd8 $19)
45... Bf7 46. Rxg8 Bxg8 47. f4 a5 48. Bd1 Bf7 49. Kg3 Be8 50. b3 Bc6 51. Kf2
Bd5 52. Ke3 a4 53. bxa4 b3 (53... b3 54. a5 (54. Kd2 b2 55. Kc2 Bb3+ $19) 54...
b2 55. Bc2 Be4 56. Kd2 b1=Q) 0-1

[Event "Corus"]
[Site "Wijk aan Zee"]
[Date "2001.01.16"]
[Round "3"]
[White "Van Wely, Loek"]
[Black "Morozevich, Alexander"]
[Result "0-1"]
[WhiteElo "2700"]
[BlackElo "2745"]
[Annotator "Huebner,R"]
[PlyCount "42"]
[EventDate "2001.01.13"]
[EventType "tourn"]
[EventRounds "13"]
[EventCountry "NED"]
[EventCategory "19"]
[SourceTitle "CBM 081"]
[Source "ChessBase"]
[SourceDate "2001.03.20"]
[SourceVersion "1"]
[SourceVersionDate "2001.03.20"]
[SourceQuality "1"]

{[%mdl 1]} 1. d4 d5 2. c4 c6 3. Nf3 Nf6 4. Nc3 dxc4 5. a4 c5 6. d5 {Dies ist
nicht die übliche Antwort.} (6. e4 {ist eine solide Fortsetzung, die dem
Weißen gutes Spiel verspricht.} cxd4 7. Qxd4 Qxd4 8. Nxd4 e6 (8... a6 $6 {
ist nicht besser:} 9. e5 Ng4 10. Nd5 $16) 9. Ndb5 Na6 10. Bxc4 Bc5 11. Bf4 Ke7
12. O-O Bd7 13. e5 Nh5 14. Be3 {geschah in der Partie Boleslavskij-Smyslov,
Kandidatenturnier Budapest 1950; Weiß hat beachtlichen Vorteil (Vgl. Z. Ribli,
Slav Defence D16-19, [Informatormonographie] D16, Fußnote 1).}) 6... Bf5 7. e3
e6 8. Bxc4 exd5 9. Nxd5 Nc6 {Dieser Zug sieht natürlicher aus als} (9... Be4
10. Nc3 Qxd1+ 11. Kxd1 Bxf3+ (11... Bg6 12. Nd5 Nxd5 13. Bxd5 Nc6 14. Bxc6+
bxc6 15. Ne5 Be4 16. f3 f6 17. Nc4 Bd3 18. b3 O-O-O 19. Bd2 $14 {1-0 Vulfson,
V-Alatortsev,V/Kuibyshev 1942/HCL (41). (41)}) 12. gxf3 Nc6 13. Ke2 $11 {
1-0 Rustemov,A-Ilinsky,V/Moscow 1995/EXT 97 (83). (82)}) 10. Qb3 Qd7 11. Nxf6+
(11. O-O {("Schachwoche" 3/2001, S.6) kommt in Betracht. Nach} Nxd5 (11...
O-O-O 12. Nxf6 gxf6 13. Bxf7 {sieht gut für Weiß aus.. Es droht 14.e4, und nach
} Kb8 14. Bd2 Bg4 15. Bc3 Bxf3 16. gxf3 Qh3 17. Qe6 {behält Weiß Vorteil. Im
Unterschied zur Partiefortsetzung kommt der Königsturm des Schwarzen nicht auf
die g-Linie.}) (11... Ne4 12. Rd1 Bd6 13. Bd2 (13. Bd3 h6 {führt zu nichts.})
13... O-O 14. Bc3 {Der Springer auf d5 bleibt ein lästiger Gast.}) 12. Bxd5 Nb4
13. Bc4 Bd6 (13... Bd3 14. Ne5 Bxc4 15. Qxc4 {ist ungemütlich für Schwarz.})
14. e4 {hat Weiß die Initiative.}) 11... gxf6 12. Bd2 Rg8 13. Bc3 (13. O-O-O {
("Schachwoche" 3/2001, S.6) ist plausibel. Nach} Be6 ({Nach} 13... Rxg2 14. Nh4
Rg5 (14... Rxf2 15. Be1 Rc2+ 16. Qxc2 Bxc2 17. Rxd7 Be4 18. Rxb7 Bxh1 19. Bxf7+
Kd8 20. Be6 {ist äußerst ungünstig für Schwarz.}) 15. f4 Rh5 16. Bc3 Qe7 17.
Bxf6 Qxf6 18. Nxf5 {hat die Drohung 19.Db7: entscheidende Kraft.}) 14. Bc3 Bxc4
15. Qxc4 Qe6 16. Qxe6+ (16. Qb5 Rxg2 {bringt dem Weißen nichts ein.}) 16...
fxe6 {entsteht eine ungefähr ausgeglichene Stellung.}) 13... O-O-O 14. Bxf7 $6
(14. Bxf6 Be7 15. Bxe7 ({Nach} 15. Bxf7 Rxg2 16. Bxe7 Qxe7 {ist das
Stellungsgebäude des Weißen einsturzreif.}) 15... Qxe7 {mit den Drohungen 16...
Sa5 und 16...Tg2: ist ebenfalls ungünstig für Weiß.}) ({Auf} 14. O-O {folgt}
Be4 15. Ne1 Qh3 16. g3 Rg6 17. f3 Bd6 18. Rf2 Bxg3 19. hxg3 Rxg3+ 20. Ng2 Rdg8
21. Bf1 Rxf3 {, und Schwarz setzt matt}) (14. Rd1 {mußte laut L. van Wely 
("Schach" 3/2001, S.29) gespielt werden. Nach} Qxd1+ 15. Qxd1 Rxd1+ 16. Kxd1
Rxg2 17. Ke2 Be6 18. Bxe6+ fxe6 19. Bxf6 {hat Weiß in der Tat ein haltbares
Endspiel.}) 14... Rxg2 15. Nh4 {Meines Erachtens ist erst diese optimistische
Fortsetzung ein ernster Fehler. Nach} (15. Bc4 {ist noch nichts verloren, zum
Beispiel} Ne5 (15... Kb8 16. Nh4) 16. Bxe5 fxe5 17. e4 {nebst Lc4-d5.}) 15...
Ne5 16. Nxf5 ({Die Fortsetzung} 16. Bc4 Rg4 17. Nxf5 Nxc4 18. Ng3 Ne5 {bot
vielleicht bessere Überlebensaussichten.}) 16... Nd3+ 17. Kf1 Rxf2+ 18. Kg1 Kb8
19. Qe6 $2 {Dies kommt der sofortigen Aufagbe gleich.} (19. e4 {ist nicht
besser:} c4 20. Qxc4 Bc5 {, und Schwarz gewinnt.}) (19. Ng3 {mußte versucht
werden. Nach} Bh6 20. Qe6 ({Nach} 20. Re1 Rf3 21. Kg2 Nxe1+ 22. Rxe1 Rxe3 {
steht der König des Weißen zu luftig.}) 20... Qxe6 21. Bxe6 Bxe3 22. Be1 Rxb2+
23. Kf1 Nxe1 24. Rxe1 Rf2+ 25. Kg1 Bd4 26. Re4 {muß Schwarz noch hart arbeiten,
um den Sieg zu erringen.}) 19... Rxf5 20. h4 (20. Qxd7 Rxd7 21. Be6 {scheitert
an} Rg7#) 20... Bd6 21. Rf1 Rg8+ 0-1

[Event "RUS-Cup06"]
[Site "Nizhnij Novgorod"]
[Date "1998.07.07"]
[Round "9"]
[White "Shulman, Yuri"]
[Black "Kuporosov, Viktor"]
[Result "1-0"]
[WhiteElo "2480"]
[BlackElo "2500"]
[Annotator "Huebner,R"]
[PlyCount "89"]
[EventDate "1998.06.29"]
[EventType "swiss"]
[EventRounds "9"]
[EventCountry "RUS"]
[SourceTitle "EXT 2000"]
[Source "ChessBase"]
[SourceDate "1999.11.16"]
[SourceVersion "1"]
[SourceVersionDate "1999.11.16"]
[SourceQuality "1"]

1. d4 d5 2. c4 c6 3. Nf3 Nf6 4. Nc3 dxc4 5. a4 Na6 6. e4 Bg4 7. Bxc4 e6 8. O-O
Be7 9. Be3 Nb4 10. h3 Bxf3 11. Qxf3 O-O 12. Rfd1 (12. Qe2 c5 13. d5 exd5 14.
exd5 a6 15. Rad1 Bd6 16. Rd2 Qc7 17. Re1 Rad8 18. Bg5 Rde8 19. Qd1 Nd7 $13 {
1-0 Cvitan,O-Velikov,P/Graz op 1987 (31)}) 12... Qa5 13. Rac1 Rad8 14. Bb3 Rd7
15. g4 Rfd8 16. g5 Ne8 17. h4 Nc7 18. Qg4 (18. Bc4 $5 $14) 18... Qa6 19. Ne2 c5
20. dxc5 Nd3 21. Bc4 Qxa4 22. Bxd3 Rxd3 23. Rxd3 Rxd3 24. Nc3 Qd7 $2 {Nach} (
24... Qb4 25. Qe2 Rd8 {steht Schwarz besser.}) 25. Qe2 a6 26. Nd5 Rb3 (26...
Rxd5 27. exd5 Nxd5 {bot Remisaussichten.}) 27. Qd1 exd5 28. Qxb3 Qg4+ 29. Kf1
Qh3+ (29... d4 30. Bxd4 Qxh4 31. Be3 Qxe4 32. c6 $16) 30. Ke2 Qg4+ 31. Kd2 Qxe4
{Auch nach} (31... d4 32. Bxd4 Qxe4 33. Be3 Ne6 34. Qc4 {dürfte Weiß
entscheidenden Vorteil behalten.entscheidenden Vorteil behalten.}) 32. Qxb7 Nb5
33. Qb8+ Bf8 34. Qf4 Qe6 35. Bd4 Qc6 36. b4 Nc7 37. Qe3 Ne6 38. Qd3 g6 39. Bf6
d4 40. Bxd4 h6 41. Bf6 Qg2 42. Kc3 Qxf2 43. Rf1 Qxh4 44. gxh6 Bxh6 45. Bxh4 1-0

[Event "FIDE-Wch k.o."]
[Site "Groningen"]
[Date "1997.12.12"]
[Round "2.2"]
[White "Jussupow, Artur"]
[Black "Gretarsson, Helgi Ass"]
[Result "1-0"]
[WhiteElo "2640"]
[BlackElo "2475"]
[Annotator "Huebner,R"]
[PlyCount "51"]
[EventDate "1997.12.09"]
[EventType "k.o."]
[EventRounds "7"]
[EventCountry "NED"]
[SourceTitle "CBM 063"]
[Source "ChessBase"]
[SourceDate "1998.03.26"]
[SourceVersion "1"]
[SourceVersionDate "1998.03.26"]
[SourceQuality "1"]

1. d4 {Jussupow} d5 2. c4 c6 3. Nf3 Nf6 4. Nc3 dxc4 5. a4 Bg4 6. Ne5 Bh5 7. h3
(7. g3 {Jussupow} e6 8. Bg2 Bb4 9. Nxc4 (9. O-O Nd5) 9... Nd5 $11) 7... Na6 8.
g4 Bg6 9. Bg2 Nb4 10. O-O Bc2 (10... Nd7 11. Nxc4 f6 $6 (11... e6 12. e4 Be7
13. Ne3 $16 {Gelfand, Kapengut}) 12. d5 Bf7 13. Bf4 Rc8 14. Rc1 $16 {1-0
Gelfand,B-Huzman,A/Uzhgorod 1987/EXT 87 (47)}) 11. Qd2 Bb3 12. Ne4 (12. a5 {
Jussupow} e6 $1 (12... a6 13. Na4 e6 (13... Qxa5 14. Nc5 $1 $36) (13... Nc2 {
Ftacnik} 14. Nc5 Qxd4 (14... Rb8 15. Nxb7 $1 Rxb7 16. Bxc6+ Nd7 17. Bxb7 Nxe5
18. dxe5 Qc7 19. Qd5 $18) 15. Nxb7 Nd5 (15... Rc8 16. Bxc6+ Rxc6 17. Nxc6 Qxd2
18. Bxd2 Nxa1 19. Rxa1 $16) (15... Qxd2 16. Bxc6+ $1 Qd7 17. Nxd7 Nxd7 18. Rd1
e6 19. Rxd7 $18) 16. Qg5 $5 $36) 14. g5 Nd7 (14... Nfd5 {Ftacnik} 15. e4 Nc7 (
15... Nc2 16. exd5 Nxa1 (16... cxd5 17. Nb6 Nxa1 18. Qf4 f6 19. gxf6 gxf6 20.
Ng4 $40) 17. dxe6 $1 fxe6 18. Nb6 $40) 16. Nb6 Rb8 17. Qf4 Qe7 18. Be3 $16) (
14... Nc2 $5 {Ftacnik}) 15. Nxd7 Qxd7 (15... Nc2 {Ftacnik}) 16. Nb6 Qd8 $13 {
Ftacnik,L 1-0 Gelfand,B-Nikolic,P/Manila izt 1990/CBM 19/[Ftacnik] (40)}) 13.
a6 (13. g5 $5 Nfd5 14. e4 Nc7 15. Qf4 f6 16. Nf3 $15 {Rogers}) 13... Qc7 14.
axb7 Qxb7 15. Na4 Rd8 16. Qg5 h6 17. Qh4 Be7 18. Nc5 Bxc5 19. dxc5 Nd7 20. Nf3
$44 {1/2-1/2 Cebalo,M-Beliavsky,A/Graz op 1996/EXT 97 (25)}) (12. Qf4 h6 13.
Be3 Nbd5 $5 {Dolgov,I N} (13... e6 14. Ne4 Nbd5 15. Qf3 Bd6 16. Nxd6+ $44 {
1/2-1/2 Levitt,J-Flear,G/BCF-ch 1989/CBM 15 (29)}) 14. Nxd5 $6 (14. Qf3 {
Dolgov,I}) 14... cxd5 15. h4 e6 $1 16. Qf3 $15 {0-1 Smachkov-Dolgov,I/corr
1991/Inf 55/[Dolgov,I] (29)} (16. g5 {Dolgov,I} hxg5 17. hxg5 Bd6 18. gxf6 gxf6
$15)) 12... Nc2 (12... Nxe4 $2 13. Qxb4 Nd6 14. Qxb7 $1 {Gelfand, Kapengut})
13. Nc5 (13. Nxc6 Qb6 $1 {Gelfand, Kapengut}) 13... Nd5 ({Die Fortsetzung} 
13... Qxd4 14. Nxb7 Nd5 (14... Qxd2 $6 15. Bxc6+ Qd7 16. Nxd7 Nxd7 17. Rd1 f5
18. Rxd7 Nxa1 19. Rd8+ Kf7 20. Rxa8 $16 {1-0 Khenkin,I-Sapis,W/Leningrad2 1989/
CBM 15 (30)}) 15. Qg5 {mit unklarem Spiel wird als Hauptvariante geführt (Z.
Ribli, Slawisch D16-19 (Informatormonographie) D16/17.} (15. Qg5 $1 $36 {
Jussupow Zviagintsev,V} e6 (15... f6 {Zviagintsev,V} 16. Qh5+ g6 17. Nxg6 hxg6
18. Qxh8 g5 19. h4 $5 $36) (15... Qb6 $5 {Zviagintsev,V} 16. Qf5 Qxb7 17. Qxf7+
Kd8 18. Rd1 $36 (18. e4 $5 $36)) 16. Be3 $3 $16 Qxb2 17. Bc5 Bxc5 (17... Nxa1 {
Zviagintsev,V} 18. Bxd5 cxd5 19. Nd6+ $18) (17... h6 {Zviagintsev,V} 18. Qf4 $1
f6 19. Qe4 Qxe5 20. Qg6+ Kd7 21. Qf7+ Kc8 22. Na5 Rb8 23. Bxf8 $18) 18. Qxg7
Rf8 19. Nxc5 O-O-O $8 (19... Nxa1 {Zviagintsev,V} 20. Nxe6 $1 Qa3 21. Bxd5 cxd5
22. Nc7+ $1 Kd8 (22... Ke7 23. Qg5+ $1 $18) 23. Qf6+ Kc8 24. Qc6 $18) 20. Rab1
$16 {1-0 Zviagintsev,V-Nachev/USSR 1990/Inf 50/[Zviagintsev,V] (24)}) (15. Nxc6
Qxd2 16. Bxd2 e6 $11 {Gelfand, Kapengut})) 14. Rb1 {Dies ist ein neuer Zug,
soweit ich sehe.} (14. e4 {wurde in der unten zitierten Partie gespielt; es
scheint mir schwächer zu sein als 14.Tb1.} Ndb4 (14... Nxa1 15. exd5 cxd5 16.
Nxb7 Qc7 17. Bxd5 c3 18. Qe2 (18. Bxb3 Nxb3 {ist hoffnungslos für Weiß.}) 18...
Bxd5 19. Qb5+ Bc6 20. Nxc6 (20. Qxc6+ Qxc6 21. Nxc6 c2 {sieht nicht
vertrauenerweckend für Weiß aus.}) 20... a6 21. Nd6+ Qxd6 22. Qb7 Rd8 23. Nxd8
{gibt dem Schwarzen keinen Vorteil.}) 15. Nxb7 Qc7 16. Nc5 e6 17. Qc3 (17. Nxb3
cxb3 18. Rb1 Rd8 {führt zu einer für Schwarz angenehmen Stellung.}) 17... Rd8
18. Bg5 Rxd4 19. Nxb3 cxb3 20. Bf4 Bd6 21. Nf3 Bxf4 22. Nxd4 Be5 23. Nxe6 $6 (
23. Rad1 O-O 24. Qxb3 Bxd4 25. Rxd4 Nxd4 26. Qxb4 Ne2+ $17) 23... fxe6 24. Qxb3
Qd6 25. Rad1 Nd4 26. Qc4 O-O $19 {0-1 Bellon Lopez,J-Pomes,J/Platja d'Aro
Barcino 1994 (34)}) 14... e6 $2 {Nach diesem Zug finde ich keine Rettung mehr
für Schwarz.} (14... Ndb4 {ist die kritische Fortsetzung:} 15. Nxb7 Qb6 16. Na5
(16. d5 c5 17. a5 Qc7 18. Qf4 f6 19. d6 exd6 (19... fxe5 20. Qxe5 {ist
hoffnungslos für Schwarz.}) 20. Nxc4 Nd4 21. Nbxd6+ Kd7 {Das Abspiel entbehrt
der für Weiß wünschenswerten Klarheit.}) 16... Qxa5 17. Nxc6 Qxa4 18. Nxb4 Rc8
19. Nd5 Qd7 {Beide Seiten stehen schlecht.}) 15. Nxc4 Bxc4 (15... Bxc5 $142 {
Jussupow} 16. dxc5 O-O 17. Nd6 $1 (17. Na5 Ba2 $1) 17... Ndb4 $140 18. Qc3 Ba2
19. Ra1 $1 Nxa1 20. Qxb4 $16 {[%csl Ra1,Ra2]}) 16. Qxc2 Bxc5 17. dxc5 Ba6 18.
b4 {/\b5} b5 (18... Qd7 19. Qb2 {ist ebenfalls ganz hoffnungslos für Schwarz.})
19. cxb6 (19. e4 {Jussupow} Ne7 20. Bf4 $5 $36 (20. Rd1 $16)) 19... Qxb6 20. b5
(20. Bxd5 {Jussupow} cxd5 21. b5 Bb7 22. Ba3 Rc8 (22... f6 23. Rfc1 $16) 23.
Qb2 f6 24. Qb4 Qd8 $16) 20... cxb5 21. Bxd5 exd5 22. Ba3 h5 (22... Rc8 $142 $16
{Jussupow} 23. Qd2 (23. Qb2 f6 24. axb5 Bb7 25. Qb4 $40) (23. Qf5 Qe6 24. Qg5
$36) 23... Qe6 (23... d4 24. Qg5 Qf6 25. Qxf6 gxf6 26. axb5 $16) 24. axb5 Bb7
25. Qd4 $16 {[%cal Rd4g7,Rd4a7]}) 23. Rb3 Rh6 (23... hxg4 {Jussupow} 24. Re3+
Kd8 25. Be7+ Kd7 26. Qf5+ $18) (23... Rc8 {Jussupow} 24. Qf5 Rh6 25. axb5 Bb7
26. Qe5+ $18 {[%cal Re5e8,Re5g7]}) 24. Re3+ Re6 25. a5 Qb7 (25... Qd4 {Jussupow
} 26. Qc6+ $18) 26. Qc5 (26. Qc5 {Jussupow} b4 27. Bxb4 Rxe3 28. fxe3 f6 29.
Qf8+ Kd7 30. Qxg7+ Kc6 31. Qxf6+ Kb5 32. Be7 $18) 1-0

[Event "Reggio Emilia 9798 40th"]
[Site "Reggio Emilia"]
[Date "1997.12.28"]
[Round "3"]
[White "Komarov, Dimitri"]
[Black "Romanishin, Oleg M"]
[Result "1-0"]
[WhiteElo "2600"]
[BlackElo "2550"]
[Annotator "Huebner,R"]
[PlyCount "64"]
[EventDate "1997.12.26"]
[EventType "tourn"]
[EventRounds "11"]
[EventCountry "ITA"]
[EventCategory "10"]
[SourceTitle "CBM 063"]
[Source "ChessBase"]
[SourceDate "1998.03.26"]
[SourceVersion "1"]
[SourceVersionDate "1998.03.26"]
[SourceQuality "1"]

1. d4 d5 2. c4 dxc4 3. Nf3 Nf6 4. Nc3 c6 5. a4 Na6 6. e4 Bg4 7. Bxc4 e6 8. Be3
Nb4 9. O-O Be7 10. Be2 O-O 11. a5 Qc7 12. Qb3 Rfd8 13. Ra4 (13. Rfc1 b6 $2 14.
a6 Rac8 15. Ra4 c5 16. dxc5 bxc5 17. Nb5 Qb8 18. Nxa7 $18 {1-0 Laschet,
E-Goeselbauer,H/Graz op-B 1996 (33)}) 13... Na6 {Es ist klar, daß die
Eröffnungsstrategie des Nachziehenden mißglückt ist.} 14. Rc1 Bh5 15. h3 Rac8
16. Bg5 Bxf3 17. Bxf3 h6 18. Be3 Qd7 19. Rc4 Ne8 20. e5 Rb8 21. Ne4 Nac7 22.
Nc5 Bxc5 23. Rxc5 a6 24. Be4 Nd5 25. Bd2 Ne7 26. R5c4 Nf5 27. Bxf5 exf5 28. Bb4
Qe6 (28... Nc7 29. Bd6 {ist nicht erfreulicher für Schwarz.}) 29. Bc5 Nc7 30.
Ba7 Ra8 31. Qxb7 $18 Nb5 32. Bb6 Rab8 1-0

[Event "Alushta"]
[Site "Alushta"]
[Date "1999.03.11"]
[Round "9"]
[White "Nosenko, Alexander"]
[Black "Zubov, Alexander"]
[Result "1/2-1/2"]
[WhiteElo "2433"]
[BlackElo "2502"]
[Annotator "Huebner,R"]
[PlyCount "59"]
[EventDate "1999.03.03"]
[EventType "tourn"]
[EventRounds "11"]
[EventCountry "UKR"]
[EventCategory "10"]
[SourceTitle "CBM 070"]
[Source "ChessBase"]
[SourceDate "1999.06.08"]
[SourceVersion "1"]
[SourceVersionDate "1999.06.08"]
[SourceQuality "1"]

1. d4 d5 2. c4 c6 3. Nf3 Nf6 4. Nc3 dxc4 5. a4 Bg4 6. Ne5 Bh5 7. Nxc4 e6 8. Qb3
Na6 {Dieses Abspiel bietet dem Weißen keine Aussichten auf Initiative.} 9. Be3
Nb4 10. g3 a5 11. Bg2 Be7 12. Rc1 O-O 13. h3 Nfd5 14. Bd2 Bf6 15. Nxd5 exd5 16.
Nxa5 Qxa5 17. Qxb4 Qxb4 18. Bxb4 Rfe8 19. g4 Bg6 $6 (19... Rxa4 {bot bessere
Gewinnaussichten.}) 20. b3 Bxd4 21. Bf3 Ra6 22. Bc3 Bxc3+ 23. Rxc3 Rb6 24. O-O
d4 25. Rc4 d3 26. b4 Ra6 27. a5 dxe2 28. Re1 Bd3 29. Rc3 Bb5 30. Re3 1/2-1/2

[Event "RUS-ch Army"]
[Site "Russia"]
[Date "1995.??.??"]
[Round "?"]
[White "Legky, Nikolay A"]
[Black "Mukhametov, Eldar"]
[Result "1/2-1/2"]
[WhiteElo "2505"]
[BlackElo "2515"]
[Annotator "Huebner,R"]
[PlyCount "40"]
[EventDate "1995.??.??"]
[EventType "tourn"]
[EventRounds "11"]
[EventCountry "RUS"]
[EventCategory "10"]
[SourceTitle "CBM 048"]
[Source "ChessBase"]
[SourceDate "1995.10.01"]
[SourceVersion "1"]
[SourceVersionDate "1995.10.01"]
[SourceQuality "1"]

1. c4 c6 2. d4 d5 3. Nf3 Nf6 4. Nc3 dxc4 5. a4 Bg4 6. Ne5 Bh5 7. f3 Nfd7 8. g4
{Dies ist eine Spezialwaffe von N.Legky.} Nxe5 (8... Bg6 9. Nxc4 f6 10. e4 e5
11. d5 (11. Be3 $5) 11... Bc5 12. dxc6 bxc6 (12... Nxc6 $5 13. Nd6+ $140 Bxd6
14. Qxd6 Nd4 $13) 13. Nd6+ Ke7 14. Nf5+ Bxf5 15. gxf5 Nb6 16. Qc2 a5 17. Nd5+
cxd5 18. Qxc5+ Qd6 $13 19. Qxd6+ Kxd6 {geschah in der Partie Legky-Huzman,
UdSSR 1986, s. ECO D (2.Auflage) 16/7, Fußnote 34.}) 9. dxe5 (9. gxh5 $5 Ned7
10. e4) 9... Qxd1+ 10. Nxd1 Bg6 11. Ne3 (11. e4 Nd7 (11... e6 12. Nf2 (12. Bxc4
Nd7 13. Bf4 Bc5 14. Nf2 $14 Bd4 15. Nd3 h5 16. g5 a5 $15) 12... h5 13. Bxc4 Nd7
14. Bf4 $13) 12. e6 {(12.Bf4 e6 führt zu A)} Nc5 13. Bxc4 Nxe6 14. Bxe6 fxe6
15. Ne3 O-O-O 16. Nc4 Be8 17. b3 $13) 11... e6 12. Nxc4 Nd7 13. e4 f6 14. exf6
gxf6 15. Be3 Bb4+ 16. Kf2 Ke7 17. Be2 Rhd8 18. e5 Bc5 19. exf6+ Kxf6 20. Rhd1 {
Hier weicht die Partie von dem Vorgänger (Legky,N-Kutirov,R, Anzio 1994, CBM
44) ab. Dort geschah 20.Na5, und Weiß gewann nach 56 Zügen. Der Textzug wurde
von N. Legky in seinen Kommentaren in CBM 44 als Verbesserung empfohlen.} Bxe3+
1/2-1/2